000 00329cam a22001211 4500
050 0 0 _aQD476
_b.S3
100 1 _aSchwarz, J. C. P.
245 1 0 _aPhysical methods in organic chemistry,
_cedited by J. C. P. Schwarz.
260 _aEdinburgh,
_bOliver & Boyd,
_c1964.
300 _axi, 350 p.
650 0 _xorganic chemistry
942 _cGEN
999 _c2255
_d2255